00572 2200181 4500001002100000005001500021035002000036007000300056008004100059020002100100082001100121084001700132100001900149245010400168260004200272300004300314650003300357INLIS00000000000040420241121021003 a0010-1124000061ta241121 c 0 ind  a978-602-8227-698 a372.35 a372.35 INT k0 aIntan Mahanani1 aKumpulan Rumus Fisika :bUntuk SMP/MTs /cIntan Mahanani (Penyusun); Sigit Dwi Nugroho (Ilustrator) aYogyakarta :bCitra Aji Parama,c2009 a92 Halaman :bIlustrasi; teks ;c21 cm 4aSains Untuk Pendidikan Dasar